Statistics for Doctor Who: Which Doctor?

Click here to take the quiz!

General Stats

  • This quiz has been taken 30 times
  • The average score is 19 of 20

Answer Stats

HintAnswer% Correct
"Allons-y!"10th Doctor
100%
The first female Doctor13th Doctor
100%
The first Doctor to use the Sonic Screwdriver2nd Doctor
100%
Wore celery and fancied cricket5th Doctor
100%
First Doctor of the revival era9th Doctor
100%
"Fantastic!"9th Doctor
100%
Companions included Rose, Martha, and Donna10th Doctor
97%
"Geronimo!"11th Doctor
97%
The first Doctor to fight the Daleks1st Doctor
97%
The first Doctor to fight The Master3rd Doctor
97%
Big teeth, curly hair, and a long scarf4th Doctor
97%
Regularly carried an umbrella7th Doctor
97%
Short-lived Doctor that appeared only in the TV movie and a mini-sode8th Doctor
97%
Companions included Clara, Bill, and Nardole12th Doctor
93%
The first Doctor to fight the Cybermen1st Doctor
93%
Became UNIT's scientific advisor3rd Doctor
93%
"Would you like a jelly baby?"4th Doctor
93%
Became the son-in-law of his companions11th Doctor
90%
Controversial Doctor with a garish fashion sense6th Doctor
90%
Companions included Peri and Mel6th Doctor
86%

Score Distribution

Percentile by Number Answered

Percent of People with Each Score

Your Score History

You have not taken this quiz